|
|
|
|
| LEADER |
00000cam a2200000 7i4500 |
| 001 |
0000007147 |
| 002 |
000007691 |
| 005 |
20080515.0 |
| 020 |
|
|
|a 9836209727
|
| 090 |
0 |
0 |
|a 899.28
|b GEJ
|
| 245 |
0 |
0 |
|a Gejala :
|b esei dan kritikan puisi Melayu moden 1955-1986
|c diselenggarakan oleh Ahmad Kamal Abdullah
|
| 260 |
|
|
|a Kuala Lumpur :
|b DBP ,
|c 1989
|
| 300 |
|
|
|a 569p. ;
|c 21cm.
|
| 650 |
0 |
0 |
|a Malay literature
|x Malay poetry
|
| 700 |
0 |
|
|a Ahmad Kamal Abdullah ,
|e penyelenggara
|
| 999 |
|
|
|a 051295
|b BUKU
|c PINJAMAN
|e PERPUSTAKAAN KOMUNITI PETALING JAYA
|
| 999 |
|
|
|a 054585
|b BUKU
|c PINJAMAN
|e PERPUSTAKAAN KOMUNITI PETALING JAYA
|